[Event "Florianopolis op 10th"]
[Site "Florianopolis"]
[Date "2024.01.20"]
[Round "1"]
[White "Dias, Marcelo de Souza"]
[Black "Seara, Sophia Parisotto"]
[Result "1-0"]
[WhiteElo "1854"]
[BlackElo "1154"]
[PlyCount "41"]
[EventDate "2024.01.20"]
[EventType "swiss"]
[EventRounds "10"]
[EventCountry "BRA"]
[SourceTitle "CB05_2024"]
[SourceDate "2024.01.31"]
[SourceVersion "1"]
[SourceVersionDate "2024.01.31"]
[SourceQuality "1"]

1. d4 d5 2. Bf4 Nf6 3. e3 c5 4. dxc5 Qa5+ 5. Nc3 Qxc5 6. Nb5 Na6 7. c3 Bd7 8. a4 g6 9. Nf3 Ne4 10. Be5 f6 11. Bd4 Qc6 12. Nxa7 Rxa7 13. Bxa7 Bg7 14. Bb5 Qd6 15. Bxd7+ Qxd7 16. a5 0-0 17. Qe2 f5 18. Bd4 Nf6 19. 0-0 Nc7 20. Ne5 Qd6 21. Nf3 1-0

[Event "Florianopolis op 9th"]
[Site "Florianopolis"]
[Date "2023.01.28"]
[Round "8"]
[White "Amorim Filho, Robson Bezerra"]
[Black "Seara, Sophia Parisotto"]
[Result "1-0"]
[WhiteElo "1216"]
[BlackElo "1739"]
[PlyCount "33"]
[EventDate "2023.01.23"]
[EventType "swiss"]
[EventRounds "10"]
[EventCountry "BRA"]
[SourceTitle "CBM 212 Extra"]
[Source "ChessBase"]
[SourceDate "2023.03.31"]
[SourceVersion "1"]
[SourceVersionDate "2023.03.31"]
[SourceQuality "1"]

1. e4 e5 2. Nf3 Nc6 3. d4 f6 4. dxe5 fxe5 5. Bb5 Nf6 6. 0-0 d6 7. Bg5 Be7 8. Bc4 Nxe4 9. Qd5 Rf8 10. Bxe7 Qxe7 11. Qxe4 Bf5 12. Qh4 Qd7 13. Na3 Ne7 14. Rad1 0-0-0 15. Nxe5 Ng6 16. Nxd7 Nxh4 17. Nxf8 1-0

[Event "Florianopolis op 9th"]
[Site "Florianopolis"]
[Date "2023.01.24"]
[Round "2"]
[White "Espindola, Carlos Marcelo"]
[Black "Seara, Sophia Parisotto"]
[Result "1-0"]
[WhiteElo "1457"]
[BlackElo "1739"]
[PlyCount "85"]
[EventDate "2023.01.23"]
[EventType "swiss"]
[EventRounds "10"]
[EventCountry "BRA"]
[SourceTitle "CBM 212 Extra"]
[Source "ChessBase"]
[SourceDate "2023.03.31"]
[SourceVersion "1"]
[SourceVersionDate "2023.03.31"]
[SourceQuality "1"]

1. d4 d5 2. Nf3 Nf6 3. Bf4 Nc6 4. e3 Bf5 5. c3 e6 6. Nbd2 Bd6 7. Bg3 Bxg3 8. hxg3 Qe7 9. Nh4 Be4 10. f3 Bg6 11. Nxg6 fxg6 12. Bb5 Qd6 13. f4 0-0-0 14. Qa4 Kb8 15. Bxc6 Qxc6 16. Qxc6 bxc6 17. Nf3 Ne4 18. Ne5 Kb7 19. Nf7 Nxg3 20. Nxd8+ Rxd8 21. Rxh7 Nf5 22. Kf2 Kb6 23. Rah1 Rd7 24. Rh8 c5 25. R1h7 c6 26. Rg8 Kb5 27. g4 Nd6 28. Rhxg7 Nf7 29. Rf8 Rb7 30. Rfxf7 Rb6 31. Rb7 Rxb7 32. Rxb7+ Kc4 33. Ke2 cxd4 34. exd4 c5 35. dxc5 Kxc5 36. Rxa7 Kd6 37. Rg7 Kc6 38. Rxg6 Kd6 39. g5 d4 40. cxd4 Kd5 41. Rf6 Kd6 42. f5 Ke7 43. Rxe6+ 1-0